| 000 | 00917nas a2200313 4500 | ||
|---|---|---|---|
| 001 | BR2013000914 | ||
| 003 | BR-BrBNA | ||
| 005 | 20231205121856.0 | ||
| 007 | ta | ||
| 008 | 230509b bl.|||p| |||| 00| 00por d | ||
| 040 |
_aBR-BrBNA _bpor _cBiblioteca Nacional de Agricultura |
||
| 041 | _a(Pt) | ||
| 072 | _aH01; F06 | ||
| 100 | 1 | _aMartine, L.F.D. | |
| 100 | 1 | _aAvila, L.A. | |
| 100 | 1 | _aCassol, G.V. | |
| 100 | 1 | _aZanella, R. | |
| 100 | 1 | _aMachado, S.L.O. | |
| 100 | 1 | _aMarques, M.S. | |
| 100 | 1 | _aDe Vicari, M. | |
| 245 | 1 | _aTransporte de agrotóxicos em lavoura de arroz irrigado sob três manejos de irrigação | |
| 650 | _aARROZ IRRIGADO | ||
| 650 | _aIRRIGAÇÃO | ||
| 650 | _aMANEJO DE ÁGUA | ||
| 650 | _aAGROTÓXICO | ||
| 773 | 0 |
_tPlanta Daninha (Brazil) _xISSN 0100-8358 _g(2012), v. 30(4) p. 799-808 _wBR2013000914 |
|
| 909 |
_a202311 _bLúcia _c55 _dLúcia Elande |
||
| 942 |
_2AGRIS _n0 _cANA |
||
| 999 |
_c225703 _d225703 |
||